Human physiology : An integrated approach

Wedi'i Gadw mewn:
Manylion Llyfryddiaeth
Fformat: Llyfr
Iaith:Undetermined
Cyhoeddwyd: New York Pearson 2004
Pynciau:
Tagiau: Ychwanegu Tag
Dim Tagiau, Byddwch y cyntaf i dagio'r cofnod hwn!
Thư viện lưu trữ: Trung tâm Học liệu Trường Đại học Cần Thơ
LEADER 00477nam a2200181Ia 4500
001 CTU_213992
008 210402s9999 xx 000 0 und d
082 |a 612 
082 |b H918 
245 0 |a Human physiology : 
245 3 |b An integrated approach 
245 0 |c Dee Unglaub Silverthorn ... [et al.] 
260 |a New York 
260 |b Pearson 
260 |c 2004 
650 |a Human physiology 
904 |i Truc 
980 |a Trung tâm Học liệu Trường Đại học Cần Thơ